[Event "Vyatka Cup 7th"]
[Site "Kirov"]
[Date "2018.08.22"]
[Round "8"]
[White "Timerkhanov, Alexander"]
[Black "Suleimanov, Konstantin"]
[Result "1-0"]
[WhiteElo "2367"]
[BlackElo "1795"]
[PlyCount "45"]
[EventDate "2018.08.15"]
[EventType "tourn"]
[EventRounds "11"]
[EventCountry "RUS"]
[SourceTitle "CBM 187 Extra"]
[Source "ChessBase"]
[SourceDate "2018.11.04"]
[SourceVersion "1"]
[SourceVersionDate "2018.11.04"]
[SourceQuality "1"]

1. d4 e6 2. e4 d5 3. Bd3 dxe4 4. Bxe4 Nf6 5. Bf3 c5 6. Ne2 Nc6 7. Be3 Qb6 8. Nbc3 cxd4 9. Nxd4 Bc5 10. Bxc6+ bxc6 11. 0-0 Bxd4 12. Bxd4 c5 13. Na4 Qc6 14. Nxc5 0-0 15. Qe2 e5 16. Qxe5 Re8 17. Qg3 Bf5 18. c3 Re2 19. b4 Bg6 20. Rfe1 Rae8 21. Rxe2 Rxe2 22. Bxf6 Qe8 23. h4 1-0

[Event "Vyatka Cup 7th"]
[Site "Kirov"]
[Date "2018.08.21"]
[Round "7"]
[White "Suleimanov, Konstantin"]
[Black "Bessonov, Arsenij"]
[Result "1-0"]
[WhiteElo "1795"]
[BlackElo "1621"]
[PlyCount "79"]
[EventDate "2018.08.15"]
[EventType "tourn"]
[EventRounds "11"]
[EventCountry "RUS"]
[SourceTitle "CBM 187 Extra"]
[Source "ChessBase"]
[SourceDate "2018.11.04"]
[SourceVersion "1"]
[SourceVersionDate "2018.11.04"]
[SourceQuality "1"]

1. d4 Nf6 2. Bg5 Ne4 3. Bf4 d5 4. e3 c5 5. c3 Bf5 6. Bd3 e6 7. Ne2 Bd6 8. f3 Nf6 9. Bxf5 exf5 10. dxc5 Bxc5 11. Na3 Qb6 12. Nc2 0-0 13. Qd3 g6 14. b4 Bd6 15. Qd4 Qxd4 16. exd4 Bxf4 17. Nxf4 g5 18. Nd3 Nbd7 19. Ne3 Rac8 20. Nc5 Nxc5 21. bxc5 f4 22. Nf5 Rc7 23. Kd2 h5 24. Rab1 Rb8 25. a4 b6 26. a5 b5 27. Rhe1 g4 28. Re5 Kh7 29. Nd6 a6 30. Rf5 Kg6 31. Rxf4 Rd7 32. h4 g3 33. Nf5 Rg8 34. Re1 Rb8 35. Ne7+ Kg7 36. Nc6 Rc8 37. Nb4 Kg6 38. Re5 Re8 39. Rxf6+ Kxf6 40. Rxe8 1-0

[Event "Kirov Chudinovskikh Memorial 5th"]
[Site "Kirov"]
[Date "2018.08.10"]
[Round "10"]
[White "Malyshev, Evgeny2222"]
[Black "Suleimanov, Konstantin"]
[Result "1/2-1/2"]
[WhiteElo "1993"]
[BlackElo "1795"]
[PlyCount "43"]
[EventDate "2018.07.29"]
[EventType "swiss"]
[EventRounds "10"]
[EventCountry "RUS"]
[SourceTitle "CBM 186 Extra"]
[Source "ChessBase"]
[SourceDate "2018.08.24"]
[SourceVersion "1"]
[SourceVersionDate "2018.08.24"]
[SourceQuality "1"]

1. d4 Nf6 2. g3 g6 3. Bg2 Bg7 4. e4 d6 5. h3 0-0 6. Ne2 c5 7. c3 cxd4 8. cxd4 Nc6 9. 0-0 Bd7 10. Nbc3 a6 11. f4 b5 12. e5 Ne8 13. Be3 Rc8 14. Rc1 Na5 15. b3 Bc6 16. Ne4 f5 17. Ng5 Bxg2 18. Ne6 Rxc1 19. Qxc1 Qa8 20. Rf2 Bxh3 21. Nxf8 Kxf8 22. Qc3 1/2-1/2

[Event "Kirov Chudinovskikh Memorial 5th"]
[Site "Kirov"]
[Date "2018.08.07"]
[Round "7"]
[White "Shipitsyn, Pavel"]
[Black "Suleimanov, Konstantin"]
[Result "1/2-1/2"]
[WhiteElo "1940"]
[BlackElo "1795"]
[PlyCount "96"]
[EventDate "2018.07.29"]
[EventType "swiss"]
[EventRounds "10"]
[EventCountry "RUS"]
[SourceTitle "CBM 186 Extra"]
[Source "ChessBase"]
[SourceDate "2018.08.24"]
[SourceVersion "1"]
[SourceVersionDate "2018.08.24"]
[SourceQuality "1"]

1. e4 c6 2. d4 d5 3. e5 Bf5 4. Nf3 e6 5. Be2 c5 6. c3 Nc6 7. 0-0 Qb6 8. Nbd2 cxd4 9. cxd4 Rc8 10. a3 Qa5 11. a4 Bb4 12. Nb3 Qb6 13. Be3 Nge7 14. Rc1 0-0 15. h3 Na5 16. Nxa5 Bxa5 17. g4 Bg6 18. Nh4 Rxc1 19. Bxc1 Rc8 20. Nxg6 hxg6 21. Qd3 Nc6 22. Be3 Nb4 23. Qb3 a6 24. Bd3 Nxd3 25. Qxd3 Qb4 26. Ra1 Rc4 27. Ra3 Qxb2 28. Rb3 Qa1+ 29. Rb1 Qxa4 30. Rxb7 Qc6 31. Rb8+ Kh7 32. Qa3 Bc7 33. Rc8 Bd6 34. Rxc6 Bxa3 35. Rxa6 Bb2 36. Ra7 Bxd4 37. Bxd4 Rxd4 38. Rxf7 Re4 39. f4 g5 40. Re7 gxf4 41. Rxe6 Kg8 42. Kf2 Kf7 43. Ra6 Rxe5 44. h4 Re3 45. Rd6 Rg3 46. g5 Rh3 47. Rxd5 Ke6 48. Ra5 Rxh4 1/2-1/2